| 000 | 00691nam a22001577a 4500 | ||
|---|---|---|---|
| 003 | OSt | ||
| 005 | 20151024085814.0 | ||
| 008 | 151024b xxu||||| |||| 00| 0 eng d | ||
| 040 | _cRUA | ||
| 082 | _aAVM SOU 2011 B099 Or.1 | ||
| 100 |
_92715 _aSOUUN, SIVATHA. |
||
| 245 | _aEffect of probiotics in concentrate feed on quail growth at royal university of agriculture, ឥទ្ធិពលរបស់PROBIOTICSក្នុងចំណីផ្សំលើការលូតលាស់របស់ក្រូចនៅសាកលវិទ្យាល័យភូមិន្ទកសិកម្ម | ||
| 260 |
_aPhnom Penh _bRUA _c2011 |
||
| 300 |
_aix; 43p. _bill. _c29cm. |
||
| 942 |
_2ddc _cAVM |
||
| 999 |
_c2540 _d2540 |
||